مكتبة جامعة عجلون الوطنية

فهرس بحث المكتبة

Normal view MARC view
  • ملف المادة - نظام حوسبة

Entry Topical Term

Number of records used in: 1

001 - CONTROL NUMBER

  • control field: 58336

003 - CONTROL NUMBER IDENTIFIER

  • control field: JO-AjAnu

005 - DATE AND TIME OF LATEST TRANSACTION

  • control field: 20230606083539.0

008 - FIXED-LENGTH DATA ELEMENTS

  • fixed length control field: 230606|| aca||aabn | a|a d

040 ## - CATALOGING SOURCE

  • Original cataloging agency: JO-AjAnu
  • Transcribing agency: JO-AjAnu

150 ## - HEADING--TOPICAL TERM

  • Topical term or geographic name entry element: ملف المادة - نظام حوسبة

670 ## - SOURCE DATA FOUND

  • Source citation: Work cat.: (JO-AjAnu)29759: اعداد دعاء فلاح القضاة، سجى امجد ملحم، ملاك علي مسرات؛ اشراف حسن المعيدي, author 58335, نظام ملف المادة